000
00313nam a2200121Ia 4500
008
190802s9999 xx 000 0 und d
020
_a
0-19-547080-X
100
_a
Syed Habib Ahmed
245
0
_a
From South Asia to North America
260
_a
Oxford
_b
Oxford University Press
_c
2016
300
_a
402:p
942
_c
BK
999
_c
2456
_d
2456